000 00435nam a2200157Ia 4500
005 20250421165753.0
008 231217s9999 xx 000 0 und d
020 _a9788190675789
082 _a658.42 NAI;1 R
100 _aNaidu, N V R. Rao, Krishna T.
245 0 _aManagement and entrepreneurship
260 _c2008
_bI K International
_aNew Delhi
300 _axvi, 272
650 _amanagement,entrepreneurship
942 _cAA
999 _c184103
_d184103